000 00846nmm a2200241 a 4500
001 ocm000701386
003 TR-IsHL
005 20201028141857.0
008 131226s1987 tu tur
007 cr cn
035 _a701386
_b(N$T)
050 0 4 _aZ178.I8
_bI78 1987
090 0 4 _aZ178.I8
_bI78 1987
245 1 0 _aİstanbul basım sanayii envanteri ve kapasite kullanım araştırması
_h[electronic resource]
260 _aİstanbul :
_bİstanbul Ticaret Odası,
_c1987
300 _a25 p.
650 4 _aEkonomi ve Finans
650 4 _aEconomics and Finance
650 0 _aBasım Sanayii
_x Türkiye
_x İstanbul
650 0 _aPrinting
_x Turkey
_x Istanbul
650 7 _aBUSINESS & ECONOMICS / Industries / General
_2bisacsh
856 4 0 _uhttp://search.ebscohost.com/login.aspx?direct=true&scope=site&db=e011xww&AN=701386
999 _c8050
_d8050